| 000 | 01195nam0a22003251 4500 | ||
|---|---|---|---|
| 001 | v19\rc\2035465 | ||
| 005 | 20251118181547.5 | ||
| 035 | _a(NLR Aleph) 005113858 | ||
| 090 |
_a7522128 _c7522128 |
||
| 100 | _a20080925d1917 u y0rusy50 ca | ||
| 101 | 0 | _arus | |
| 102 | _aRU | ||
| 105 | _ay b ||||| | ||
| 200 | 1 |
_aЭкспериментальные исследования в области химической конституции силикатов _eХлориты _fВ. Искюль |
|
| 210 |
_aПетроград _cтип. М.М. Стасюлевича _d1917 |
||
| 215 |
_aVI, 310 с., 1 л. граф. _d23 |
||
| 532 | 1 | 3 | _aЭкспериментальные исследования в области химической конституции силикатов |
| 700 | 1 |
_aИскюль _bВ.И. _f1880- _gВладимир Иванович |
|
| 801 | 0 |
_aRU _bNLR _gpsbo |
|
| 801 | 0 |
_aRU _bRuMoRGB _2psbo |
|
| 801 | 1 |
_aRU _bProSoft-M _2rusmarc |
|
| 852 |
_aNLR _j17.148.5.24 |
||
| 852 |
_aNLR _bМф _jК1/1836 |
||
| 899 |
_aRuMoRGB _jV 274/165 |
||
| 899 |
_aRuMoRGB _jW 90а/193 |
||
| 899 | _aБАН | ||
| 899 | _aНБ СПбГУ | ||
| 942 | _cBOOK | ||
| 980 | _aNB | ||